000 00562nam a2200229Ia 4500
003 OSt
005 20220924141128.0
006 a|||||r|||| 00| 0
007 ta
008 220923b |||||||| |||| 00| 0 ben d
024 _a297238
037 _cTextual
040 _aARTS
_cARTS
_bben
041 _2ben
_aben
082 _aO157,3NGH,SU, N7
100 _aGhatak M.
_9211885
245 0 _aSunyasathan
260 _c1997
650 _aBENGALI LITERATURE
942 _hO157,3NGH,SU, N7
_cTEXL
_2CC
999 _c446308
_d446308